01388cam a2200337Ia 45000010006000000050017000060080041000230350023000640400025000870200015001120200018001270350020001450430012001651000021001772450137001982600042003353000025003775000136004025000031005385000048005695000113006176500038007306500028007686510043007966500011008396500022008506500030008726500046009026500026009487100076009744143120230411085956.0931118s1990 nyu b 000 0 spa d a(OCoLC)ocm29348829 aPMUcPMUdEL$dDIBAM a9213301251 a9789213301258 a(OCoLC)29348829 ae-sw---1 aLindgren, Karin.10aParticipación de la mujer en la adopción de decisiones en pro de la paz :bestudio monográfico sobre Suecia /cKarin Lindgren. aNueva York :bNaciones Unidas,c1990. aii, 162 p. ;c30 cm. a"El estudio fue preparado en 1988 por Karen Lindgren, del Departamento de Investigaciones sobre la Paz y los Conflictos..."--p. ii. a"ST/CSDHA/8."--T.p. verso. a"Nâum. de venta: S.89.IV.7."--T.p. verso. aAt head of t.p.: Oficina de la Naciones Unidas en Viena, Centro de Desarrollo Social y Asuntos Humanitarios. 0aWomen and peacexDecision making. 0aWomen's rightszSweden. 0aSwedenxPolitics and governmenty1973- 0aPeace. 4aMujeres en Suecia 4aMujeres en la polâitica 7aPARTICIPACION DE LA MUJERzSUECIA.2renib 7aMUJERES Y PAZ.2renib2 aCentre for Social Development and Humanitarian Affairs (United Nations)